| 000 | 00975nam a2200277 a 4500 | ||
|---|---|---|---|
| 001 | 30524 | ||
| 003 | BD-RjUL | ||
| 005 | 20211209051557.0 | ||
| 008 | 181209m1946uuuuii s eng | ||
| 035 | _a(BD-RjUL)30610 | ||
| 040 |
_aDLC _cWU _dWU _dDLC _dBD-RjUL _beng |
||
| 041 | _aeng | ||
| 042 | _apremarc | ||
| 043 | _aa-ii--- | ||
| 082 |
_223 _a630.95414 _bBEA Pt.-1 1946 |
||
| 110 | 1 |
_aBengal (India). _bDepartment of Agriculture, Forests and Fisheries. _9225739 |
|
| 245 | 1 | 0 |
_aAgricultural statistics by plot to plot enumeration in Bengal, 1944-45 / _cBengal (India). Department of Agriculture, Forests and Fisheries ; H. S. M. Ishaque [Compiler] |
| 260 |
_aAlipore: _bGovt. Print., West Bengal Govt. Press, _c[1946] |
||
| 300 |
_aPt. : _bIll. ; _c33 cm. |
||
| 500 | _aCover title. | ||
| 500 | _a"Photocopy" | ||
| 505 | 1 | _aPatr 1 -- | |
| 650 | 0 |
_aAgriculture _zBengal _vStatistics. _9225740 |
|
| 700 |
_aIshaque, H. S. M. , [Compiler] _9168039 |
||
| 942 |
_2ddc _cRAR |
||
| 999 |
_c30524 _d30524 |
||